000 00313nam a22001337a 4500
008 170627b xxu||||| |||| 00| 0 eng d
020 _a9780393977585
041 _aeng
080 _22ND
_a82
100 _a21
101 _aGJL
245 _aTHE NORTON ANTHOLOGY OF WORLD LITERATURE
_cLAWALL, S
942 _2udc
_cBK
999 _c19267
_d19267